[Event "GRE-chT 50th"]
[Site "Nikaia"]
[Date "2023.08.29"]
[Round "6.7"]
[White "Tsapaki, Asimenia"]
[Black "Kakkavou, Eirini Aristea"]
[Result "1-0"]
[WhiteElo "1740"]
[BlackElo "1092"]
[PlyCount "111"]
[EventDate "2023.08.25"]
[EventType "team"]
[EventRounds "9"]
[EventCountry "GRE"]
[SourceTitle "EXT 2024"]
[Source "ChessBase"]
[SourceDate "2023.10.10"]
[SourceVersion "1"]
[SourceVersionDate "2023.10.10"]
[SourceQuality "1"]
[WhiteTeam "OPHI"]
[BlackTeam "Kallithea"]
[WhiteTeamCountry "GRE"]
[BlackTeamCountry "GRE"]

1. e4 c6 2. d4 d5 3. exd5 cxd5 4. Bd3 g6 5. c3 Bg7 6. h3 Nf6 7. Nf3 0-0 8. 0-0 Bf5 9. Re1 Nbd7 10. Bf4 e6 11. a4 Bxd3 12. Qxd3 Qb6 13. Nbd2 Rac8 14. Qb5 a6 15. Qb3 Rc6 16. a5 Qa7 17. Qa3 Rfc8 18. Nb3 Bf8 19. Qa2 b5 20. axb6 Rxb6 21. Ne5 Nh5 22. Nxd7 Qxd7 23. Be5 Qb5 24. g4 Qxb3 25. gxh5 Qxb2 26. Qxb2 Rxb2 27. Rxa6 Bg7 28. Bf4 gxh5 29. Rea1 e5 30. dxe5 Re8 31. Kg2 Rb7 32. Kf3 Bf8 33. Rg1+ Kh8 34. Bg5 Bg7 35. Bf6 Bxf6 36. exf6 Rc7 37. Rg7 Rxc3+ 38. Kf4 Rc7 39. Rg5 Rec8 40. Rxd5 Rc4+ 41. Kg5 R4c5 42. Rxc5 Rxc5+ 43. Kh6 Rc8 44. Kxh5 Rf8 45. Kh6 Rg8 46. Kh5 Rf8 47. Ra7 Kg8 48. Kh6 Kh8 49. Rb7 Kg8 50. Rb5 Kh8 51. Rg5 Rg8 52. Rg7 Rxg7 53. fxg7+ Kg8 54. h4 f6 55. f3 f5 56. f4 1-0

[Event "GRE-chT 49th"]
[Site "Thessaloniki"]
[Date "2022.08.16"]
[Round "6.8"]
[White "Kakkavou, Eirini Aristea"]
[Black "Dimaki, Evangelia"]
[Result "0-1"]
[WhiteElo "1155"]
[BlackElo "1282"]
[PlyCount "84"]
[EventDate "2022.08.12"]
[EventType "team-swiss"]
[EventRounds "7"]
[EventCountry "GRE"]
[SourceTitle "CBM 209 Extra"]
[Source "ChessBase"]
[SourceDate "2022.09.30"]
[SourceVersion "1"]
[SourceVersionDate "2022.09.30"]
[SourceQuality "1"]
[WhiteTeam "Kallithea"]
[BlackTeam "Pneemathlon"]
[WhiteTeamCountry "GRE"]
[BlackTeamCountry "GRE"]

1. d4 Nf6 2. c4 e6 3. Nc3 d5 4. cxd5 exd5 5. Bg5 Be7 6. e3 0-0 7. Bd3 Ne4 8. Bxe7 Nxc3 9. Bxd8 Nxd1 10. Kxd1 Rxd8 11. h3 Rd6 12. Rc1 c6 13. Nf3 Be6 14. Ng5 h6 15. Nxe6 fxe6 16. a4 Nd7 17. f4 Rc8 18. g4 c5 19. b3 a6 20. Ke2 Rdc6 21. Rc2 cxd4 22. Rxc6 Rxc6 23. exd4 Rc3 24. Rb1 Kf7 25. Kd2 Rc8 26. Rc1 Rxc1 27. Kxc1 g5 28. fxg5 hxg5 29. Kd2 e5 30. Bf5 Ke7 31. dxe5 a5 32. Kc3 Nxe5 33. Kd4 Kd6 34. Bc8 b6 35. Ba6 Nc6+ 36. Ke3 Kc5 37. Be2 Kb4 38. Bd1 Kc3 39. Kf2 d4 40. Kf3 d3 41. Ke3 Nd4 42. h4 gxh4 0-1